000 00765nam a2200253Ia 4500
003 OSt
005 20220923220230.0
006 a|||||r|||| 00| 0
007 ta
008 220922b |||||||| |||| 00| 0 hin d
024 _a185,297
037 _cTextual
040 _aARTS
_cARTS
_bhin
041 _2hin
_ahin
082 _aO152,6xN1, L5
100 _aभटनागर, रामरतन
245 0 _aअभिनव
246 _aAbhinava
260 _aइलाहाबाद
_b स्मृति प्रकाशन
_c1975
300 _a160 पृ.
_ccm.
650 _aहिन्दी साहित्य
_9156264
942 _hO152,6xN1, L5
_cTEXL
_2CC
999 _c338543
_d338543